000 00592nam a22001337a 4500
040 _cRUA
082 _aAGR SRU 2015 B475 Or.1
100 _aSRUN BUNMA; ស្រ៊ុន ប៊ុនម៉ា
245 _aEffect of different organic fertilizers on growth and yield of korean hot chilli, ឥទ្ធិពលប្រភេទជីសរីរាង្គគោកលើការលូតលាស់ និងទិន្នផលដំណាំម្ទេសកូរ៉េ
260 _aPhnom Penh
_bRUA
_c2015
300 _axi,49p.
_bill.
_c29cm.
856 _uSRUN BUNMA
942 _cAGR
999 _c8074
_d8074